Obstetrics and Gynecology (Record no. 1290)

MARC details
000 -LEADER
fixed length control field 00782pam a2200277 a 4500
001 - CONTROL NUMBER
control field 617738
003 - CONTROL NUMBER IDENTIFIER
control field OSt
005 - DATE AND TIME OF LATEST TRANSACTION
control field 20190820161122.0
008 - FIXED-LENGTH DATA ELEMENTS--GENERAL INFORMATION
fixed length control field 921022s1993 paua 001 0 eng c
010 ## - LIBRARY OF CONGRESS CONTROL NUMBER
LC control number 92048888
020 ## - INTERNATIONAL STANDARD BOOK NUMBER
International Standard Book Number 0683062409
040 ## - CATALOGING SOURCE
Original cataloging agency DNLM/DLC
Transcribing agency DLC
Modifying agency DLC
060 ## - NATIONAL LIBRARY OF MEDICINE CALL NUMBER
Classification number WQ 18 O14
082 00 - DEWEY DECIMAL CLASSIFICATION NUMBER
Classification number WQ 18 O7 1990
Edition number 20
100 ## - MAIN ENTRY--PERSONAL NAME
Personal name Edited by William W. Beck, Jr.
9 (RLIN) 3441
245 00 - TITLE STATEMENT
Title Obstetrics and Gynecology
250 ## - EDITION STATEMENT
Edition statement 2nd ed.
260 ## - PUBLICATION, DISTRIBUTION, ETC. (IMPRINT)
Place of publication, distribution, etc. London :
Name of publisher, distributor, etc. Harwal Pub.,
Date of publication, distribution, etc. c1990.
300 ## - PHYSICAL DESCRIPTION
Extent xvii, 433 p. :
Other physical details ill. ;
Dimensions 26 cm.
500 ## - GENERAL NOTE
General note Includes index.
650 #0 - SUBJECT ADDED ENTRY--TOPICAL TERM
Topical term or geographic name as entry element Gynecology
9 (RLIN) 3432
650 #0 - SUBJECT ADDED ENTRY--TOPICAL TERM
Topical term or geographic name as entry element Obstetrics
9 (RLIN) 3433
906 ## - LOCAL DATA ELEMENT F, LDF (RLIN)
a 7
b cbc
c orignew
d 1
e ocip
f 19
g y-gencatlg
942 ## - ADDED ENTRY ELEMENTS (KOHA)
Source of classification or shelving scheme Other/Generic Classification Scheme
Koha item type Short Loan
Holdings
Withdrawn status Lost status Source of classification or shelving scheme Damaged status Not for loan Home library Current library Date acquired Source of acquisition Inventory number Total Checkouts Full call number Barcode Date last seen Price effective from Koha item type
    Other/Generic Classification Scheme     MUST Main Library MUST Main Library 27/03/2015   1999/13374   WQ 18 O7 1990 2015-0701 27/03/2015 27/03/2015 Short Loan